Normal view
MARC view
Entry Topical Term
001 - CONTROL NUMBER
- control field: 33420
003 - CONTROL NUMBER IDENTIFIER
- control field: dpl
005 - DATE AND TIME OF LATEST TRANSACTION
- control field: 20110823150036.0
008 - FIXED-LENGTH DATA ELEMENTS
- fixed length control field: 110823|||a|||||| | ||| d
040 ## - CATALOGING SOURCE
- Original cataloging agency: dpl
- Transcribing agency: dpl
150 ## - HEADING--TOPICAL TERM
- Topical term or geographic name as entry element: कविताएँ
670 ## - SOURCE DATA FOUND
- Source citation: Work cat.: (dpl)55808: प्रकाश मनु 1073, इक्यावन बाल कविताएँ /, 2007
670 ## - SOURCE DATA FOUND
- Source citation: Work cat.: (dpl)55808: प्रकाश मनु 1073, इक्यावन बाल कविताएँ /, 2007
